| 000 | 00894nam a2200265 a 4500 | ||
|---|---|---|---|
| 999 |
_c6592 _d6592 |
||
| 001 | 6592 | ||
| 003 | BD-JhCC | ||
| 005 | 20180130093251.0 | ||
| 008 | 182701s19371969enk 001 0 eng d | ||
| 035 | _a(BD-JhCC)6592 | ||
| 040 |
_aBD-JhCC _cITD _dBD-JhCC _dOCL |
||
| 041 | _aeng | ||
| 082 |
_a821.8 _bTHO 1965 |
||
| 100 | 1 |
_aThompson, Francis, _d1859-1907. |
|
| 245 | 1 | 0 |
_aPoetical works / _cFrancis Thompson |
| 260 |
_aOxford University Press : _bLondon, _c[1937] |
||
| 300 |
_axi, 367, [1] p. : _c19 cm |
||
| 490 | 0 | _aOxford standard authors | |
| 500 | _a"A note by Francis Thompson's literary executor" signed: W. M. [i. e. Wilfrid Meynell] | ||
| 500 | _aThis is a reprint of The poems of Francis Thompson, published by Oxford University Press in 1937 | ||
| 504 | _aIncludes Index and Bibliography: p. 355-361 | ||
| 650 | _aCollection of Poems | ||
| 942 |
_2ddc _cBK |
||